00645cam a22002291 4500001001300000003000400013005001700017008004100034010001700075035002000092040001800112042001200130043001200142050001800154100003100172245006500203260001100268300001800279500001600297500005200313650005000365sa 64002052 DLC20260227112007.0910920r1962uuuuii 000 0 beno  asa 64002052  a(OCoLC)24427667 aDLCcWaUdDLC apremarc aa-ii---00aPK1701b.B3421 aBasu, Ajit Krishna,d1912-10aBāṃlā sāhitye raṅga byaṅga o ājagubi racanā. c[1962] a83 p.c22 cm. aIn Bengali. aOriginally published in Śanibārera ciṭhi. 0aBengali wit and humorxHistory and criticism.